000 00405nam a2200133Ia 4500
008 151021s9999 xx 000 0 und d
020 _a9.7801381466e+012
050 _aT 58.6 .m 3568 2009
245 _a_Managing Informatioon Technology (6th ed)
260 _aU S A pearson Prentice Hall 1999
500 _aIncludes Index
650 _a_Information Technology
980 _a^d20110120 11:53:28^okilerai
999 _c6272
_d6272